01258nab a22002657a 4500999001500000003000400015005001700019008004100036040000700077100003600084245010300120260004200223300001300265500003600278505029200314505008900606650002600695650003000721650002200751650003800773650002900811650001900840773012000859942001300979 c6546d6546OSt20260223134302.0190506c xxu||||| |||| 00| 0 spa d cPJ 95379aBarrios Colman, Noelia A.10aPrincipales modificaciones a la Ley de Teletrabajo por el DNU 70-2023 /cNoelia A. Barrios Colman. aBuenos Aires :bAbeledoPerrot,c2024. ap. 12-18 aCita: TR LALEY AR/DOC/837/2024. aSumario: I. Introducción.— II. Tareas de cuidados ¿a quién se quiere cuidar?— III. Reversibilidad ¿para quién?— IV. Prestaciones transnacionales y ley aplicable.— V. Autoridad de aplicación.— VI. Conclusión: se pretende regular desregulando.— VII. Bibliografía. t¿Te interesa el texto completo? Comunicate al correo: koha@justierradelfuego.gov.ar 091316aDERECHO LABORAL 091323aCONTRATO DE TRABAJO 094439aTELETRABAJO 09289aTECNOLOGIA DE LA INFORMACION 09273aDERECHO INFORMATICO 095233aPANDEMIA0 0275193202dBuenos Aires : AbeledoPerrot, 2013-tRevista de derecho laboral y seguridad social. Nº 10 - Mayo 2024 2udccANA